[Event "BL 8990 Lasker-Heidelberg"]
[Site "?"]
[Date "1990.??.??"]
[Round "?.7"]
[White "Zuse, P."]
[Black "Paulsen, D."]
[Result "0-1"]
[WhiteElo "2305"]
[BlackElo "2295"]
[PlyCount "114"]
[EventDate "1990.??.??"]

1. e4 Nf6 2. e5 Nd5 3. d4 d6 4. Nf3 Bg4 5. Be2 c6 6. Ng5 Bf5 7. Bg4 Bxg4 8.
Qxg4 dxe5 9. dxe5 e6 10. O-O Nd7 11. c4 Ne7 12. Bf4 Ng6 13. Re1 Be7 14. Nf3 Nc5
15. Be3 h5 16. Qg3 Ne4 17. Qh3 Bb4 18. Nbd2 Nxd2 19. Nxd2 Qd3 20. Rad1 O-O-O
21. a3 Be7 22. f4 Nh4 23. Rc1 Qg6 24. Nf3 Nf5 25. Bxa7 Qg4 26. Re4 Rd3 27. Qxg4
hxg4 28. Nd4 g3 29. Nxf5 exf5 30. Rd4 Rb3 31. hxg3 b6 32. Bxb6 Rxb6 33. b4 c5
34. Rd5 cxb4 35. c5 Rbh6 36. Kf2 bxa3 37. c6 Rh1 38. Rc2 Rb1 39. Ra5 Rhh1 40.
Ra8+ Rb8 41. Ra7 Rb2 42. Ra8+ Kc7 43. Ra7+ Kb6 44. Rb7+ Ka6 45. Rcxb2 axb2 46.
Rxb2 Bc5+ 47. Ke2 Bb6 48. Kd3 Rc1 49. g4 fxg4 50. f5 Rd1+ 51. Kc4 Rd4+ 52. Kb3
Re4 53. Rc2 Bc7 54. Rd2 Kb5 55. Rd7 Re3+ 56. Kc2 Kxc6 57. f6 gxf6 0-1

[Event "BL 8990 Lasker-Heidelberg"]
[Site "?"]
[Date "1990.??.??"]
[Round "?.8"]
[White "Schneider, Bhd"]
[Black "Neunhoeffer, H."]
[Result "0-1"]
[WhiteElo "2265"]
[BlackElo "2265"]
[PlyCount "94"]
[EventDate "1990.??.??"]

1. g3 d5 2. Bg2 Nf6 3. d3 e5 4. Nf3 Bd6 5. O-O O-O 6. c4 c6 7. Bg5 Nbd7 8. cxd5
cxd5 9. Nc3 Nb6 10. a4 Be6 11. a5 Nbd7 12. Nb5 Bb8 13. d4 e4 14. Ne1 a6 15. Nc3
b6 16. axb6 Nxb6 17. Nc2 Bd6 18. f3 exf3 19. Rxf3 Be7 20. Ne3 h6 21. Bf4 Ng4
22. Nf1 Qd7 23. Qb3 Nc4 24. Na4 g5 25. Bc1 Qa7 26. Qd1 Rac8 27. e3 Nf6 28. Rf2
Nd6 29. Rc2 Bg4 30. Qd2 Nfe4 31. Bxe4 Nxe4 32. Qg2 Bf3 33. Qxf3 Rxc2 34. Qf5
Rd8 35. Nc3 Qd7 36. Qxd7 Rxd7 37. Nxe4 dxe4 38. Bd2 Rb7 39. Bc3 Bb4 40. Rxa6
Bxc3 41. bxc3 Rxc3 42. Rf6 Rb1 43. Kg2 Rc2+ 44. Rf2 Rbb2 45. Rxc2 Rxc2+ 46. Kg1
g4 47. Kh1 f5 0-1

[Event "BL 8990 Kirchheim-München 36"]
[Site "?"]
[Date "1990.??.??"]
[Round "?.1"]
[White "Smejkal, J."]
[Black "Adorjan, A."]
[Result "1/2-1/2"]
[WhiteElo "2545"]
[BlackElo "2530"]
[PlyCount "62"]
[EventDate "1990.??.??"]

1. c4 c5 2. Nf3 Nf6 3. Nc3 e6 4. g3 b6 5. Bg2 Bb7 6. O-O d6 7. d4 cxd4 8. Qxd4
a6 9. e4 Nbd7 10. Qe3 Be7 11. Nd4 Qc7 12. b3 O-O 13. Bb2 Rfe8 14. Rfe1 Bf8 15.
Qd2 Rac8 16. Re2 Qb8 17. Rd1 Qa8 18. Qe1 Red8 19. f3 g6 20. Kh1 Qb8 21. g4 Ba8
22. Qh4 Be7 23. Qg3 Nc5 24. Red2 e5 25. Nde2 b5 26. Nd5 Nxd5 27. cxd5 Bg5 28.
f4 exf4 29. Nxf4 Re8 30. h4 Bh6 31. Re2 Rc7 1/2-1/2

[Event "BL 8990 Kirchheim-München 36"]
[Site "?"]
[Date "1990.??.??"]
[Round "?.2"]
[White "Graf, J."]
[Black "Ftacnik, L."]
[Result "0-1"]
[WhiteElo "2425"]
[BlackElo "2550"]
[PlyCount "75"]
[EventDate "1990.??.??"]

1. d4 Nf6 2. c4 g6 3. Nf3 Bg7 4. g3 d5 5. Bg2 O-O 6. O-O dxc4 7. Na3 Nc6 8.
Nxc4 Be6 9. b3 a5 10. Bb2 Bd5 11. Rc1 a4 12. bxa4 Ra6 13. Nfe5 Bxg2 14. Kxg2
Qa8 15. Nxc6 bxc6 16. Kg1 Rxa4 17. a3 Rb8 18. Ba1 Nd7 19. Qc2 h5 20. Ne3 c5 21.
dxc5 Bxa1 22. Rxa1 Rxa3 23. Rxa3 Qxa3 24. c6 Nf6 25. Rd1 Qb4 26. Kg2 Qb5 27.
Rd4 Rb6 28. Rc4 Ra6 29. Rc5 Qb6 30. Rc3 Qb5 31. Rc5 Qb4 32. Nd5 Qe1 33. Nxe7+
Kg7 34. Qc3 Qxc3 35. Rxc3 Kf8 36. Re3 Ra8 37. g4 Nxg4 38. Rd3 0-1

[Event "BL 8990 Kirchheim-München 36"]
[Site "?"]
[Date "1990.??.??"]
[Round "?.3"]
[White "Bastian, H."]
[Black "Gschnitzer, O."]
[Result "0-1"]
[WhiteElo "2340"]
[BlackElo "2405"]
[PlyCount "92"]
[EventDate "1990.??.??"]

1. e4 c5 2. Nc3 e6 3. g3 d5 4. Bg2 Nf6 5. d3 Be7 6. Nge2 d4 7. Nb1 Nc6 8. O-O
b6 9. Nd2 Bb7 10. h3 b5 11. f4 Qb6 12. Kh1 h5 13. Nf3 Rd8 14. Neg1 Nd7 15. Qe2
c4 16. Ne1 Nc5 17. Ngf3 Ba6 18. f5 e5 19. Bg5 Bxg5 20. Nxg5 Ne7 21. Ngf3 Qd6
22. Nh4 Ng8 23. Bf3 Nf6 24. Qd2 Na4 25. b3 Nc3 26. a4 bxa4 27. bxc4 a3 28. Qg5
Kf8 29. Bg2 Rb8 30. Nef3 Rb2 31. Ng6+ fxg6 32. fxg6 Ncxe4 33. dxe4 Bxc4 34.
Rfe1 Rb5 35. Nd2 Be6 36. Rf1 Ke7 37. Rf3 a2 38. Rff1 Rc8 39. Bf3 Rxc2 40. Bxh5
Rbb2 41. Nf3 Bxh3 42. Rfc1 Bg2+ 43. Kg1 Bxf3 44. Bxf3 d3 45. Qe3 Rxc1+ 46. Rxc1
Qb6 0-1

[Event "BL 8990 Kirchheim-München 36"]
[Site "?"]
[Date "1990.??.??"]
[Round "?.4"]
[White "Mueller, O."]
[Black "Pichler, J."]
[Result "0-1"]
[WhiteElo "2355"]
[BlackElo "2325"]
[PlyCount "98"]
[EventDate "1990.??.??"]

1. e4 e5 2. Nf3 Nc6 3. Bb5 Nf6 4. O-O Nxe4 5. d4 Nd6 6. Bxc6 dxc6 7. dxe5 Nf5
8. Qxd8+ Kxd8 9. h3 h6 10. b3 Ke8 11. Bb2 Be6 12. Nbd2 c5 13. Ne4 b6 14. Rad1
Rd8 15. c4 Ne7 16. Nc3 Rd7 17. Rfe1 Ng6 18. Nd5 Be7 19. Rd2 c6 20. Nxe7 Kxe7
21. Rd6 Rc8 22. Nd2 Rxd6 23. exd6+ Kf8 24. Ne4 Rd8 25. f3 Nf4 26. Rd1 Bf5 27.
Be5 Ng6 28. Bh2 Bxe4 29. fxe4 Ke8 30. e5 Kd7 31. Kf2 Ke6 32. Re1 Nf8 33. Kf3
Nd7 34. Ke4 b5 35. Rc1 Rb8 36. Rc3 a5 37. cxb5 cxb5 38. Bg1 Rc8 39. a4 b4 40.
Rc4 f5+ 41. exf6 Nxf6+ 42. Kd3 Kxd6 43. Bd4 Nh5 44. g4 Nf4+ 45. Ke4 Ne6 46.
Be5+ Kc6 47. Rc2 Re8 48. Kf5 Kd5 49. Bxg7 Nxg7+ 0-1

[Event "BL 8990 Kirchheim-München 36"]
[Site "?"]
[Date "1990.??.??"]
[Round "?.5"]
[White "Goetz, R."]
[Black "Vonthron, H."]
[Result "1/2-1/2"]
[WhiteElo "2315"]
[BlackElo "2385"]
[PlyCount "102"]
[EventDate "1990.??.??"]

1. e4 d6 2. d4 c6 3. Nf3 Bg4 4. h3 Bh5 5. c4 Nd7 6. Be2 e5 7. Nc3 Ngf6 8. Be3
Be7 9. d5 O-O 10. Nd2 Bxe2 11. Qxe2 Ne8 12. O-O Bg5 13. Bxg5 Qxg5 14. b4 c5 15.
bxc5 Nxc5 16. Nb3 Rc8 17. Na5 Qd8 18. Nb3 Nf6 19. Rab1 Nfd7 20. Rfc1 a6 21. Qc2
Qh4 22. Na5 Rc7 23. Re1 g6 24. Qe2 f5 25. f3 Nf6 26. exf5 Nh5 27. Ne4 Nf4 28.
Qf2 Qxf2+ 29. Nxf2 gxf5 30. Rb6 Rd7 31. g3 Nh5 32. Kh2 Rff7 33. Rg1 Kf8 34. Rb2
f4 35. g4 Ng3 36. Nh1 e4 37. fxe4 Ncxe4 38. Nxg3 fxg3+ 39. Kg2 Rc7 40. Re1 Rce7
41. Nb3 h5 42. Nd4 Rf2+ 43. Rxf2+ gxf2 44. Re3 Rf7 45. Rf3 hxg4 46. hxg4 f1=Q+
47. Rxf1 Rxf1 48. Kxf1 Nd2+ 49. Ke2 Nxc4 50. Nf5 Nb6 51. Nxd6 Nxd5 1/2-1/2

[Event "BL 8990 Kirchheim-München 36"]
[Site "?"]
[Date "1990.??.??"]
[Round "?.8"]
[White "Schindler, W."]
[Black "Koepf, U."]
[Result "1-0"]
[WhiteElo "2295"]
[BlackElo "2260"]
[PlyCount "85"]
[EventDate "1990.??.??"]

1. Nf3 Nf6 2. c4 e6 3. g3 d5 4. Bg2 Be7 5. O-O O-O 6. b3 c5 7. Bb2 Nc6 8. e3 b6
9. Nc3 Ba6 10. Nb5 Qd7 11. Qe2 Rfd8 12. Rfd1 Rac8 13. Rac1 Ne8 14. d4 Nc7 15.
dxc5 Bxc5 16. e4 Bxb5 17. cxb5 Ne7 18. a4 Qe8 19. exd5 Ncxd5 20. Ng5 Ng6 21. h4
Qe7 22. Ne4 Ba3 23. Rxc8 Rxc8 24. h5 Nf8 25. h6 Bxb2 26. Qxb2 f5 27. Qxg7+ Qxg7
28. hxg7 Kxg7 29. Nd6 Rd8 30. Nxf5+ exf5 31. Rxd5 Rxd5 32. Bxd5 f4 33. Kg2 fxg3
34. fxg3 Kf6 35. Kf3 Kg5 36. Ke4 Kg4 37. Ke5 Nd7+ 38. Kd6 Nc5 39. a5 Kxg3 40.
a6 h5 41. Kc7 Kf4 42. Kb8 Ke5 43. Kxa7 1-0

[Event "BL 8990 Sindelfingen-Bayern"]
[Site "?"]
[Date "1990.??.??"]
[Round "?.1"]
[White "Huebner, R."]
[Black "Mohr, S."]
[Result "1/2-1/2"]
[WhiteElo "2605"]
[BlackElo "2485"]
[PlyCount "125"]
[EventDate "1990.??.??"]

1. e4 g6 2. d4 Bg7 3. c4 d6 4. Nc3 Nd7 5. Be3 e5 6. d5 Ne7 7. g4 f5 8. gxf5
gxf5 9. Qh5+ Ng6 10. exf5 Qh4 11. Qg5 Bf6 12. Qg3 Nf4 13. Nb5 Kd8 14. Qxh4 Bxh4
15. Nf3 Bf6 16. O-O-O Nc5 17. Bxf4 exf4 18. Bh3 Nd7 19. Rhg1 Ne5 20. Ng5 a6 21.
Nd4 Ke7 22. b3 Rg8 23. Ngf3 Rxg1 24. Nxg1 c5 25. dxc6 bxc6 26. Nge2 f3 27. Nc3
Bd7 28. Ne4 Rg8 29. Nc2 Nf7 30. Nxf6 Kxf6 31. Ne1 Bxf5 32. Bxf5 Kxf5 33. Nxf3
Kf4 34. Ne1 Rg6 35. Rd4+ Kf5 36. Nd3 Rh6 37. Rf4+ Ke6 38. h4 Ne5 39. Kd2 Rxh4
40. Rxh4 Nf3+ 41. Ke3 Nxh4 42. Nb4 Nf5+ 43. Kf4 Nd4 44. Nxa6 Ne2+ 45. Kg5 Nc1
46. f4 Nxa2 47. f5+ Kf7 48. b4 Nc3 49. Nb8 Ne4+ 50. Kf4 Nd2 51. Nxc6 Nxc4 52.
b5 Kf6 53. Nb4 Nb6 54. Ke4 Kg5 55. Nd5 Nd7 56. Ne3 Nb6 57. Nd5 Nd7 58. Ne3 Nb6
59. f6 Kg6 60. Nd5 Nd7 61. Kf4 h6 62. b6 Nxb6 63. Nxb6 1/2-1/2

[Event "BL 8990 Sindelfingen-Bayern"]
[Site "?"]
[Date "1990.??.??"]
[Round "?.3"]
[White "Kindermann, S."]
[Black "Fahnenschmidt, G."]
[Result "1/2-1/2"]
[WhiteElo "2530"]
[BlackElo "2405"]
[PlyCount "77"]
[EventDate "1990.??.??"]

1. e4 c6 2. d4 d5 3. exd5 cxd5 4. c4 Nf6 5. Nc3 e6 6. Nf3 Be7 7. cxd5 Nxd5 8.
Bd3 O-O 9. O-O Nc6 10. Re1 Nf6 11. a3 b6 12. Bc2 Ba6 13. Bg5 Rc8 14. Rc1 Nd5
15. Ne4 h6 16. Bxe7 Qxe7 17. Bb3 Qd8 18. Ne5 Bb7 19. Qd2 Rc7 20. h3 Nf6 21.
Nxf6+ Qxf6 22. d5 exd5 23. Bxd5 Rd8 24. Ng4 Qg5 25. Qxg5 hxg5 26. Bf3 Rdc8 27.
Rc3 Na5 28. Bxb7 Rxc3 29. Bxc8 Rxc8 30. Re7 Nc4 31. Rxa7 Nxb2 32. Ne5 f6 33.
Ng6 Rc5 34. g4 Ra5 35. Rb7 Nc4 36. Ne7+ Kf8 37. Ng6+ Kg8 38. Ne7+ Kf8 39. Ng6+
1/2-1/2

[Event "BL 8990 Sindelfingen-Bayern"]
[Site "?"]
[Date "1990.??.??"]
[Round "?.4"]
[White "Kraut, R."]
[Black "Hickl, J."]
[Result "0-1"]
[WhiteElo "2380"]
[BlackElo "2510"]
[PlyCount "86"]
[EventDate "1990.??.??"]

1. e4 c6 2. d4 d5 3. exd5 cxd5 4. c4 Nf6 5. Nc3 e6 6. Nf3 Bb4 7. Bd3 Nc6 8. O-O
dxc4 9. Bxc4 O-O 10. Re1 b6 11. a3 Bxc3 12. bxc3 Bb7 13. Bg5 Rc8 14. Bd3 Ne7
15. c4 Ng6 16. Ne5 Qd6 17. Bxg6 hxg6 18. Be3 Nd7 19. Nxd7 Qxd7 20. c5 Rfd8 21.
Qg4 b5 22. Red1 Qd5 23. Bf4 Rc6 24. Bd6 Ra6 25. f3 Ra4 26. Qf4 f6 27. Qe3 Bc6
28. Rab1 a5 29. h3 Kf7 30. Qc3 Rd7 31. Kh1 Ra7 32. Kh2 g5 33. Rd3 Ra8 34. Re1
Ra6 35. Rb1 Ra7 36. Re1 b4 37. axb4 axb4 38. Qb3 Ra3 39. Qxd5 Bxd5 40. Rd2 Ra2
41. Rxa2 Rxa2 42. Kg3 b3 43. Rb1 Rc2 0-1

[Event "BL 8990 Sindelfingen-Bayern"]
[Site "?"]
[Date "1990.??.??"]
[Round "?.5"]
[White "Bischoff, K."]
[Black "Werner, Marc"]
[Result "1/2-1/2"]
[WhiteElo "2530"]
[BlackElo "2360"]
[PlyCount "66"]
[EventDate "1990.??.??"]

1. c4 e6 2. Nc3 d5 3. d4 Nf6 4. Bg5 Be7 5. e3 h6 6. Bh4 O-O 7. Rc1 b6 8. Bxf6
Bxf6 9. cxd5 exd5 10. Nge2 Re8 11. g3 c6 12. Bg2 Bf5 13. O-O Qd6 14. Nf4 Nd7
15. a3 a5 16. Qb3 Rab8 17. Nfxd5 cxd5 18. Nb5 Qe7 19. Bxd5 Be6 20. Rc7 Rbd8 21.
Rfc1 Bg5 22. Bxe6 Qxe6 23. Qxe6 Rxe6 24. R1c6 Kf8 25. Kf1 Rxc6 26. Rxc6 Re8 27.
Ke2 Bf6 28. Kd3 Re6 29. Rc8+ Re8 30. Rc6 Re6 31. Rc8+ Re8 32. Rc6 Re6 33. Rc8+
Re8 1/2-1/2

[Event "BL 8990 Sindelfingen-Bayern"]
[Site "?"]
[Date "1990.??.??"]
[Round "?.6"]
[White "Bialas, W."]
[Black "Hertneck, G."]
[Result "1/2-1/2"]
[WhiteElo "2370"]
[BlackElo "2475"]
[PlyCount "98"]
[EventDate "1990.??.??"]

1. e4 e6 2. d4 d5 3. Nd2 Nf6 4. e5 Nfd7 5. Bd3 c5 6. c3 Nc6 7. Ne2 cxd4 8. cxd4
f6 9. exf6 Nxf6 10. Nf3 Qb6 11. O-O Bd6 12. Nc3 O-O 13. Re1 Bd7 14. Bg5 Rad8
15. a3 Kh8 16. Na4 Qc7 17. Rc1 Be8 18. b4 Bh5 19. b5 Bxh2+ 20. Kh1 Bf4 21. Bxf4
Qxf4 22. bxc6 Ng4 23. Rc2 e5 24. dxe5 Qxa4 25. e6 Rfe8 26. e7 Rc8 27. cxb7 Rb8
28. Bf5 Nf6 29. Bc8 Bxf3 30. gxf3 Qxa3 31. Re3 Qb4 32. Qe1 Qf4 33. Kg2 g6 34.
Rc6 Kg7 35. Qa1 d4 36. Ree6 Qg5+ 37. Kh3 Qh5+ 38. Kg2 Qg5+ 39. Kf1 Qb5+ 40. Ke1
Qb4+ 41. Kd1 Nd5 42. Qxa7 Nc3+ 43. Rxc3 dxc3 44. Qxb8 Qd4+ 45. Ke2 Qc4+ 46. Ke3
c2 47. Qe5+ Kh6 48. Qh2+ Kg7 49. Qe5+ Kh6 1/2-1/2

[Event "BL 8990 Sindelfingen-Bayern"]
[Site "?"]
[Date "1990.??.??"]
[Round "?.7"]
[White "Schlosser, P."]
[Black "Franke, H."]
[Result "0-1"]
[WhiteElo "2475"]
[BlackElo "2370"]
[PlyCount "92"]
[EventDate "1990.??.??"]

1. d4 e6 2. c4 f5 3. Nc3 Nf6 4. g3 d5 5. cxd5 exd5 6. Bg2 c6 7. Nh3 Be7 8. O-O
O-O 9. Qc2 Ne4 10. Rb1 Na6 11. a3 g5 12. Rd1 Be6 13. f3 Nd6 14. e3 Bf6 15. Na4
Qe7 16. Nc5 Nxc5 17. dxc5 Nb5 18. a4 Nc7 19. b4 d4 20. e4 fxe4 21. Qxe4 Qd7 22.
g4 Qg7 23. Bb2 Rae8 24. Qd3 Nd5 25. Bxd4 Bxd4+ 26. Qxd4 Nc3 27. Qxg7+ Kxg7 28.
Nxg5 Bd5 29. Ne4 Nxd1 30. Rxd1 Bxe4 31. fxe4 Rd8 32. Rb1 Rd4 33. h3 Kf6 34. b5
Rfd8 35. Rf1+ Ke6 36. bxc6 bxc6 37. e5 Rd1 38. Bxc6 Kxe5 39. Bb7 Rxf1+ 40. Kxf1
a5 41. c6 Kd6 42. Ke2 Kc7 43. Ke3 Rd1 44. Kf4 Rd4+ 45. Kg5 Rxa4 46. Kh6 Rd4 0-1

[Event "BL 8990 Sindelfingen-Bayern"]
[Site "?"]
[Date "1990.??.??"]
[Round "?.8"]
[White "Bauer, P."]
[Black "Stangl, M."]
[Result "0-1"]
[WhiteElo "2285"]
[BlackElo "2375"]
[PlyCount "58"]
[EventDate "1990.??.??"]

1. e4 c5 2. Nf3 d6 3. d4 cxd4 4. Nxd4 Nf6 5. Nc3 a6 6. Bg5 e6 7. f4 Nc6 8. Nxc6
bxc6 9. e5 h6 10. Bh4 g5 11. fxg5 Nd5 12. Ne4 Qb6 13. c4 dxe5 14. cxd5 Qb4+ 15.
Nc3 Qxh4+ 16. g3 Qxg5 17. dxc6 Bc5 18. Qf3 f5 19. Be2 h5 20. Rf1 Ra7 21. Rd1
Rc7 22. a3 e4 23. Nxe4 fxe4 24. Qxe4 Rf8 25. Rxf8+ Bxf8 26. b4 Bg7 27. Rd3 Rf7
28. Qc4 Qe5 29. Kd1 Rf2 0-1

[Event "BL 8990 München 36-Sindelfingen"]
[Site "?"]
[Date "1990.??.??"]
[Round "?.1"]
[White "Mohr, S."]
[Black "Smejkal, J."]
[Result "1-0"]
[WhiteElo "2485"]
[BlackElo "2545"]
[PlyCount "78"]
[EventDate "1990.??.??"]

1. d4 Nf6 2. c4 g6 3. Nc3 d5 4. Nf3 Bg7 5. Qb3 dxc4 6. Qxc4 O-O 7. Bf4 Na6 8.
e4 c5 9. dxc5 Be6 10. Qb5 Bd7 11. Qxb7 Nxc5 12. Qb4 Ne6 13. Be5 a5 14. Qa3 Qb6
15. Bc4 Rac8 16. Qb3 Qb4 17. Ba6 Ra8 18. Be2 Bc6 19. Bc4 Nc5 20. Qxb4 axb4 21.
Nd5 Bxd5 22. exd5 Rfd8 23. Rd1 Nfd7 24. Bd4 Bxd4 25. Rxd4 Nb6 26. O-O Nxc4 27.
Rxc4 Rxd5 28. Rxb4 Rxa2 29. Rb1 Kg7 30. h4 e6 31. Kf1 h6 32. Kg1 Nd3 33. Rb7 g5
34. hxg5 hxg5 35. Nh2 Nf4 36. g3 Ng6 37. Ng4 Rd2 38. Ne3 Kf6 39. Rb5 Ne5 1-0

[Event "BL 8990 München 36-Sindelfingen"]
[Site "?"]
[Date "1990.??.??"]
[Round "?.2"]
[White "Ftacnik, L."]
[Black "Rajkovic, D."]
[Result "1/2-1/2"]
[WhiteElo "2550"]
[BlackElo "2465"]
[PlyCount "57"]
[EventDate "1990.??.??"]

1. d4 Nf6 2. Nf3 e6 3. c4 b6 4. g3 Ba6 5. Nbd2 Bb4 6. Qc2 b5 7. cxb5 Bxb5 8. e4
Bxf1 9. Kxf1 Be7 10. Kg2 d5 11. e5 Nfd7 12. Nb3 a5 13. Be3 a4 14. Nc1 c6 15.
Nd3 Qa5 16. h4 Qb5 17. Rhc1 O-O 18. h5 Rc8 19. Rab1 Ra7 20. Nd2 Rac7 21. b4
axb3 22. Nxb3 Qa6 23. h6 g6 24. a4 Qa8 25. Nbc5 Nxc5 26. dxc5 Ra7 27. Rb4 Nd7
28. g4 Rb8 29. Rcb1 1/2-1/2

[Event "BL 8990 München 36-Sindelfingen"]
[Site "?"]
[Date "1990.??.??"]
[Round "?.3"]
[White "Fahnenschmidt, G."]
[Black "Bastian, H."]
[Result "0-1"]
[WhiteElo "2405"]
[BlackElo "2340"]
[PlyCount "90"]
[EventDate "1990.??.??"]

1. d4 Nf6 2. c4 g6 3. Nc3 Bg7 4. e4 d6 5. f3 O-O 6. Be3 a6 7. Bd3 c5 8. d5 e6
9. a4 exd5 10. cxd5 Nbd7 11. Nge2 Rb8 12. O-O Ne5 13. Rb1 Qa5 14. h3 Re8 15.
Nc1 Bd7 16. Be2 b5 17. Nb3 Qc7 18. f4 Nc4 19. Bxc4 Nxe4 20. Nxb5 axb5 21. Bxb5
Bxb5 22. axb5 Rxb5 23. Rf3 Qb6 24. Nd2 Nxd2 25. Qxd2 Rxb2 26. Rxb2 Qxb2 27.
Qxb2 Bxb2 28. Kf1 Re4 29. f5 Kf8 30. Bh6+ Ke7 31. Rb3 Rb4 32. Re3+ Be5 33. Ra3
Kf6 34. fxg6 Kxg6 35. Be3 Kf5 36. Ra7 Ke4 37. Bh6 f5 38. Rxh7 f4 39. Ra7 c4 40.
Bg7 Rb1+ 41. Kf2 Rb2+ 42. Kg1 Bxg7 43. Rxg7 c3 44. Rc7 c2 45. Kh2 Kd3 0-1

[Event "BL 8990 München 36-Sindelfingen"]
[Site "?"]
[Date "1990.??.??"]
[Round "?.4"]
[White "Pichler, J."]
[Black "Kraut, R."]
[Result "0-1"]
[WhiteElo "2325"]
[BlackElo "2380"]
[PlyCount "68"]
[EventDate "1990.??.??"]

1. e4 c5 2. Nf3 d6 3. d4 cxd4 4. Nxd4 Nf6 5. Nc3 Nc6 6. Bg5 e6 7. Qd2 a6 8.
O-O-O Bd7 9. Be2 Be7 10. f4 Rc8 11. Kb1 b5 12. Nxc6 Bxc6 13. Qe3 b4 14. Bxf6
gxf6 15. Nd5 exd5 16. exd5 Bd7 17. Bxa6 Ra8 18. Bb7 Rb8 19. Bc6 O-O 20. Rhe1
Re8 21. Qa7 Bxc6 22. dxc6 Rc8 23. Re3 Bf8 24. Rg3+ Bg7 25. Qd7 f5 26. Rb3 Qa5
27. a3 bxa3 28. Rxa3 Qb5 29. Rb3 Qxc6 30. Qxf5 Re2 31. Rc3 Bxc3 32. Qg4+ Bg7
33. Qxe2 Rb8 34. c3 Qxc3 0-1

[Event "BL 8990 München 36-Sindelfingen"]
[Site "?"]
[Date "1990.??.??"]
[Round "?.5"]
[White "Werner, Marc"]
[Black "Goetz, R."]
[Result "1/2-1/2"]
[WhiteElo "2360"]
[BlackElo "2315"]
[PlyCount "55"]
[EventDate "1990.??.??"]

1. e4 c5 2. Nf3 Nc6 3. d4 cxd4 4. Nxd4 Nf6 5. Nc3 e5 6. Ndb5 d6 7. Bg5 a6 8.
Na3 b5 9. Bxf6 gxf6 10. Nd5 Bg7 11. g3 Ne7 12. Nxe7 Qxe7 13. c4 f5 14. Bg2 Bb7
15. O-O fxe4 16. Qg4 O-O 17. Bxe4 Rad8 18. Rad1 bxc4 19. Bxb7 Qxb7 20. Nxc4 Qc6
21. Ne3 Kh8 22. Rc1 Qb7 23. Qf5 d5 24. Rfd1 d4 25. Nc4 Qd7 26. Ne3 Qb7 27. Nc4
Qd7 28. Ne3 1/2-1/2

[Event "BL 8990 München 36-Sindelfingen"]
[Site "?"]
[Date "1990.??.??"]
[Round "?.6"]
[White "Roese, O."]
[Black "Bialas, W."]
[Result "1/2-1/2"]
[WhiteElo "2345"]
[BlackElo "2370"]
[PlyCount "101"]
[EventDate "1990.??.??"]

1. e4 c5 2. Nf3 d6 3. d4 cxd4 4. Nxd4 Nf6 5. Nc3 a6 6. Bc4 e6 7. Bb3 Nbd7 8.
Bg5 Nc5 9. f4 Be7 10. Qe2 h6 11. Bxf6 Bxf6 12. O-O-O Nxb3+ 13. cxb3 Qa5 14. Kb1
Bd7 15. Nf3 Bxc3 16. bxc3 Qxc3 17. Rxd6 Bb5 18. Qd2 Qxd2 19. Rxd2 Ke7 20. Kb2
Rhd8 21. Rhd1 Be2 22. Rxd8 Rxd8 23. Rxd8 Kxd8 24. Nd2 Kd7 25. Kc3 Kd6 26. Kd4
f6 27. e5+ fxe5+ 28. fxe5+ Kc6 29. Ne4 b6 30. a3 Bf1 31. g3 a5 32. Nc3 Bg2 33.
b4 axb4 34. axb4 Bf3 35. h4 Bh5 36. Kc4 Bf3 37. Kd4 Bh5 38. Ke3 Bg6 39. Kf4 Bd3
40. g4 Bc2 41. g5 hxg5+ 42. Kxg5 Bf5 43. h5 Bc2 44. h6 gxh6+ 45. Kxh6 Kd7 46.
Kg7 Ke7 47. Nb5 Ba4 48. Nd6 Bb3 49. Ne4 Bd5 50. Nf6 Bc4 51. Ne4 1/2-1/2

[Event "BL 8990 München 36-Sindelfingen"]
[Site "?"]
[Date "1990.??.??"]
[Round "?.8"]
[White "Koepf, U."]
[Black "Bauer, P."]
[Result "0-1"]
[WhiteElo "2260"]
[BlackElo "2285"]
[PlyCount "126"]
[EventDate "1990.??.??"]

1. Nf3 g6 2. d4 Nf6 3. c3 Bg7 4. Bg5 O-O 5. e3 h6 6. Bxf6 Bxf6 7. Nbd2 d6 8.
Bd3 Nd7 9. Qb3 a5 10. a4 e6 11. O-O Qe7 12. Rfe1 Bg7 13. Qc2 g5 14. Nf1 g4 15.
N3d2 f5 16. f4 Nf6 17. c4 c6 18. Rad1 Bd7 19. Nb1 d5 20. c5 h5 21. Nbd2 h4 22.
Rb1 Bc8 23. b4 axb4 24. Rxb4 Nd7 25. Reb1 Ra7 26. Nb3 Rf7 27. a5 Nb8 28. Rb6
Qc7 29. Qc3 Bf6 30. Nfd2 Bd8 31. Ra1 Qd7 32. Nb1 Ra8 33. Na3 Bxb6 34. cxb6 Qe8
35. Nc2 Nd7 36. Nb4 Qd8 37. Rb1 Nxb6 38. axb6 Qxb6 39. Nc5 Qc7 40. Ra1 Rxa1+
41. Qxa1 b6 42. Nca6 Qd6 43. Qc3 Bb7 44. Nc2 h3 45. Nab4 hxg2 46. Be2 Rh7 47.
Kxg2 Qe7 48. Qe1 c5 49. Nd3 Ba6 50. Nc1 Bxe2 51. Nxe2 c4 52. Qb1 Qh4 53. Qxb6
Qxh2+ 54. Kf1 Re7 55. Ne1 Qh3+ 56. Kf2 Kf7 57. Ng3 Qh8 58. Ng2 Qc8 59. Nh4 Qc7
60. Qb5 c3 61. Nhxf5 c2 62. Nxe7 c1=Q 63. Nxd5 Q7c6 0-1

[Event "BL 8990 Bayern-Kirchheim"]
[Site "?"]
[Date "1990.??.??"]
[Round "?.2"]
[White "Ribli, Z."]
[Black "Graf, J."]
[Result "1-0"]
[WhiteElo "2605"]
[BlackElo "2425"]
[PlyCount "81"]
[EventDate "1990.??.??"]

1. Nf3 Nf6 2. g3 g6 3. b3 Bg7 4. Bb2 O-O 5. Bg2 d6 6. d4 Nbd7 7. O-O e5 8. dxe5
Ng4 9. Qd2 Ngxe5 10. c4 Nxf3+ 11. Bxf3 Bxb2 12. Qxb2 Ne5 13. Bg2 Qe7 14. Nc3 c6
15. Rad1 f5 16. Rd4 Be6 17. Rfd1 Nf7 18. Qd2 Qf6 19. e4 Rae8 20. h3 Bc8 21.
exf5 gxf5 22. Ne2 Re5 23. Nf4 Rfe8 24. h4 Qe7 25. Kf1 Kf8 26. Bf3 Qf6 27. Bh5
Rd8 28. Bxf7 Kxf7 29. Rxd6 Rxd6 30. Qxd6 Qxd6 31. Rxd6 Re7 32. Rd8 Bd7 33. f3
Be8 34. Kf2 Re5 35. Rb8 Re7 36. Nd3 b6 37. f4 Ke6 38. Rd8 b5 39. c5 Bh5 40.
Rd6+ Kf7 41. Ne5+ 1-0

[Event "BL 8990 Bayern-Kirchheim"]
[Site "?"]
[Date "1990.??.??"]
[Round "?.3"]
[White "Gschnitzer, O."]
[Black "Kindermann, S."]
[Result "0-1"]
[WhiteElo "2405"]
[BlackElo "2530"]
[PlyCount "74"]
[EventDate "1990.??.??"]

1. Nf3 g6 2. c4 Bg7 3. Nc3 c5 4. g3 Nc6 5. Bg2 d6 6. a3 Rb8 7. Rb1 b6 8. d3 Bb7
9. O-O e6 10. Bg5 Qd7 11. Qc1 h6 12. Bd2 Nge7 13. b4 Nf5 14. Ne1 Ncd4 15. e3
Bxg2 16. Kxg2 Nc6 17. b5 Nce7 18. Nf3 h5 19. h3 d5 20. cxd5 exd5 21. Ne2 O-O
22. a4 Rbc8 23. Qa3 Qb7 24. Nf4 Rfd8 25. Rfe1 Nd6 26. Bc3 Bxc3 27. Qxc3 d4 28.
Qb3 dxe3 29. fxe3 c4 30. dxc4 Nxc4 31. Kf2 Nf5 32. Re2 Nfd6 33. Ng5 Rc5 34. h4
Rxg5 35. hxg5 Nd2 36. Qb2 N6e4+ 37. Kg1 Nxb1 0-1

[Event "BL 8990 Bayern-Kirchheim"]
[Site "?"]
[Date "1990.??.??"]
[Round "?.4"]
[White "Hickl, J."]
[Black "Mueller, O."]
[Result "1-0"]
[WhiteElo "2510"]
[BlackElo "2355"]
[PlyCount "71"]
[EventDate "1990.??.??"]

1. e4 c5 2. c3 Nf6 3. d3 Nc6 4. Nf3 g6 5. a3 Bg7 6. Nbd2 O-O 7. Be2 d5 8. O-O
Qc7 9. Re1 b6 10. Bf1 dxe4 11. dxe4 Bb7 12. Qc2 Rad8 13. b4 cxb4 14. cxb4 Rc8
15. Rb1 Nd4 16. Qxc7 Nxf3+ 17. Nxf3 Rxc7 18. e5 Nd5 19. Bb2 Nc3 20. Rbc1 Rfc8
21. Nd4 Bh6 22. Rc2 a6 23. Ba1 Nd5 24. Rxc7 Rxc7 25. g3 Bc1 26. b5 a5 27. a4
Bd2 28. Rd1 Bc3 29. e6 Bxa1 30. Rxa1 Nc3 31. exf7+ Kxf7 32. Rc1 e5 33. Nc6 Nd5
34. Nd8+ Ke7 35. Rxc7+ Nxc7 36. Nxb7 1-0

[Event "BL 8990 Bayern-Kirchheim"]
[Site "?"]
[Date "1990.??.??"]
[Round "?.5"]
[White "Vonthron, H."]
[Black "Bischoff, K."]
[Result "0-1"]
[WhiteElo "2385"]
[BlackElo "2530"]
[PlyCount "72"]
[EventDate "1990.??.??"]

1. e4 c5 2. Nf3 e6 3. Nc3 Nc6 4. Bb5 Nge7 5. O-O Qc7 6. Re1 Nd4 7. Bf1 Nec6 8.
Nxd4 cxd4 9. Nb5 Qe5 10. a4 Be7 11. d3 a6 12. Na3 Qc7 13. g3 O-O 14. Nc4 b6 15.
e5 Bb7 16. Bf4 Na5 17. Nxa5 bxa5 18. Bg2 Bxg2 19. Kxg2 Rfc8 20. Re4 Rab8 21.
Rxd4 Rxb2 22. Rc4 Qb7+ 23. Kg1 Rxc4 24. dxc4 h6 25. Qd3 Qc6 26. Bd2 Bc5 27. Bc3
Rb7 28. h4 Bb4 29. Bd4 Rc7 30. c3 Bf8 31. c5 Rb7 32. Qc4 Rb2 33. Rd1 h5 34. Be3
g6 35. Kh2 Qf3 36. Rg1 Qxe3 0-1